000 00644cam a2200229 a 4500
005 20260322212051.0
008 data
010 _a 85015376
040 _aDLC
_cDLC
_dDLC
_dOCoLC
_dDLC
050 0 0 _aPR9619.3.M317
_bH4 1985
082 0 0 _a823
_219
100 1 _aMatthews, Greg.
245 1 0 _aHeart of the country /
_cGreg Matthews.
250 _a1st ed.
260 _aNew York :
_aNew York :
_bNorton,
_c1985.
300 _a532 p. ;
_c23 cm.
650 0 _aIndians of North America
_xFiction.
_xFiction.
650 0 _aAmerican bison hunting
_xFiction.
650 0 _aKyphosis
_xFiction.
_xFiction.
655 7 _aWestern stories.
_2gsafd
001 data
999 _c1199
_d1199